Linn's introduction to the stamps of Great Britain / (Record no. 3706)

000 -LEADER
fixed length control field 00626cam a22001934a 4500
008 - FIXED-LENGTH DATA ELEMENTS--GENERAL INFORMATION
fixed length control field 040407s2004 au a 001 0 eng
020 ## - INTERNATIONAL STANDARD BOOK NUMBER
International Standard Book Number 1932180117
020 ## - INTERNATIONAL STANDARD BOOK NUMBER
International Standard Book Number 1932180125
020 ## - INTERNATIONAL STANDARD BOOK NUMBER
International Standard Book Number 9781932180114
020 ## - INTERNATIONAL STANDARD BOOK NUMBER
International Standard Book Number 9781932180121
082 00 -
Classification number 769.56941
Edition number 22
100 1# - MAIN ENTRY--AUTHOR'S NAME
Author's Name Alderfer, David,
Dates associated with a name 1946-
245 10 - TITLE STATEMENT
Title Linn's introduction to the stamps of Great Britain /
Statement of responsibility, etc. David Alderfer, Larry Rosenblum.
260 ## - PUBLICATION, DISTRIBUTION, ETC. (IMPRINT)
Place of publication, distribution, etc. Sidney ;
-- Ohio :
Name of publisher, distributor, etc. Linn's Stamp News,
Date of publication, distribution, etc. c2004.
490 0# - SERIES STATEMENT
Series statement Linn's handbook series.
500 ## - GENERAL NOTE
General note Includes indexes.
650 #0 - TOPICAL TERM (Tag)
Topical term or geographic name Postage stamps
Geographic subdivision Great Britain
700 1# - SECONDARY AUTHOR, EDITOR OR ILLUSTRATOR
Personal Name Rosenblum, Larry
Fuller Name (Lawrence David),
Holdings
Withdrawn status Lost status Source of classification or shelving scheme Damaged status Koha normalized classification for sorting Not for loan Permanent Location Current Location Shelving location Date acquired Total Checkouts Full call number Barcode Checked out Date last seen Date last checked out Price effective from Koha item type
        G5740 A1 A357   Northern Philatelic Library Northern Philatelic Library General Stacks 04/02/2026 1 G5740 A1 A357 1006554 05/02/2026 04/04/2026 04/04/2026 04/02/2026 Books

Powered by Koha